Managing success

Bibliographic Details
Main Author: Abdullah Ahmad Badawi, Dato' Seri
Corporate Author: Title
Format: Book
Published: Selangor : Pelanduk Publications , 2003
Subjects:

MARC

LEADER 00000cam a2200000 7i4500
001 0000013136
005 20150201.0
008 080108
020 |a 9679788687 
090 0 0 |a 158.1   |b ABD 
100 0 |a Abdullah Ahmad Badawi, Dato' Seri 
245 1 0 |a Managing success   |c Abdullah Ahmad Badawi 
260 |a Selangor :   |b Pelanduk Publications ,   |c 2003 
650 0 |a Motivation (Psychology) 
650 0 |a Success psychological aspects 
710 0 |a Title 
999 |a 0000937254   |b Book   |c Adult Collection   |e Cawangan Bandar Tenggara 
999 |a 0001011060   |b Book   |c Adult Collection   |e Perbadanan Perpustakaan Awam Johor 
999 |a 0001011061   |b Book   |c Adult Collection   |e Perbadanan Perpustakaan Awam Johor 
999 |a 0001011062   |b Book   |c Adult Collection   |e Perbadanan Perpustakaan Awam Johor